000 00873nam a2200277Ia 4500
003 OSt
005 20221005092555.0
006 a|||||r|||| 00| 0
007 ta
008 221004b |||||||| |||| 00| 0 eng d
020 _a9780415807005 (hbk)
_c7961.10
024 _a21798
037 _b12190, 24/03/2015, Elite Publishers Distributors
_cTextual
040 _aCRL
_cCRL
_beng
041 _2eng
_aeng
082 _aN:(Y), Q3
100 _aNathansohn Regev Ed.
_9617527
245 0 _aSociology of the visula sphere
260 _aNew York
_bRoutledge USA
_c2013
300 _ax,185p.
_ccm.
490 _aRoutledge advances in sociology
650 _aARTS
700 _a Zuev Dennis Ed.
_9617528
942 _hN:(Y), Q3
_cTEXL
_2cc
999 _c999056
_d999056